000 00355 a2200157 4500
001 177842
020 _a
040 _cMagnum
100 _aGiovanni, Jose Ruy
240 1 0 _aA conquista da matematica/8 serie
_lpor
245 1 0 _aA conquista da matematica/8 serie
362 0 _a1899
440 1 _aFTD
697 _aMAGNITO: PARADIDATICO
942 _cBK
999 _c177842
_d177842